000 00722cam a2200229 4500
001 WB364007
008 000000n2000 000 0 eng u
035 _a(Sirsi) u108745
245 _aChance for 'exceptional' towers
260 _c2000
490 _aEstates Gazette
_v(0040) 7 October 2000, 39(1)
520 _aThe Corporation of London has given a boost to the building of tall towers by further relaxing its restrictions on their construction.
590 _aWB
650 _aTOWER BLOCKS
650 _aHEIGHT RESTRICTIONS
650 _aLONDON
650 _aCITY OF LONDON
650 _aUNITARY DEVELOPMENT PLAN
650 _aHIGH RISE BUILDINGS
690 _aPROPERTY-PROPERTY DEVELOPMENT
942 _n0
999 _c64920
_d64920